| 000 | 00490nam a22002057a 4500 | ||
|---|---|---|---|
| 003 | LK-CoDNM | ||
| 005 | 20250205142358.0 | ||
| 008 | 250131b |||||||| |||| 00| 0 eng d | ||
| 040 |
_aLK-CoDNM _dLK-CoDNM _eLK-CoDNM |
||
| 041 | _aeng | ||
| 080 | _a95 | ||
| 100 | _aAMA councill on drugs | ||
| 245 | _aNew Drugs | ||
| 250 | _atenth | ||
| 260 |
_achicago _bamerican medical association _c1966 |
||
| 300 | _a588P. : ill ; 24 cm | ||
| 490 | _vtwo | ||
| 650 | _ascience | ||
| 942 | _cBK | ||
| 999 |
_c237801 _d237801 |
||